LEADER 00901nam 2200325 4500 001 990000999110203316 035 $a0099911 035 $aUSA010099911 035 $a(ALEPH)000099911USA01 035 $a0099911 100 $a20020227d1976----km-y0ENGy0103----ba 101 $aeng 102 $aGB 200 1 $a<> history of modern poetry$fDavid Perkins 210 $aCambridge$cHarvard university press$dc1976-1987 215 $a2 v.$d22 cm 410 $12001 606 $aPoesia inglese$zSec. 19.-20. 676 $a821.809 700 1$aPERKINS,$bDavid$0458138 801 0$aIT$bsalbc$gISBD 912 $a990000999110203316 951 $aII i B 1267$bLM$cII i B 959 $aBK 969 $aUMA 979 $aPATTY$b90$c20020227$lUSA01$h0955 979 $c20020403$lUSA01$h1741 979 $aPATRY$b90$c20040406$lUSA01$h1709 996 $aHistory of modern poetry$9971178 997 $aUNISA LEADER 01663nam 2200349Ia 450 001 996396704503316 005 20221107143735.0 035 $a(CKB)4330000000350505 035 $a(EEBO)2264205629 035 $a(OCoLC)08043894 035 $a(EXLCZ)994330000000350505 100 $a19820106d1651 uy | 101 0 $aeng 135 $aurbn||||a|bb| 200 14$aThe storming and totall routing of tythes$b[electronic resource] $ewherein is shewed the unlawfullnesse of claiming them by the now pretended tribe of Levy, and both takers and payers therein denying Christ to be come in the flesh /$fby Edward Barber 210 $aLondon $c[s.n.]$dPrinted anno dom. 1651 215 $a[2], 18, [2] p 300 $aImperfect: p. 13-16 (2nd grouping) wanting. 300 $a"Or, The humble representation, declaration, and protestation of Edward Barber, in behalf of himself and thousands of the freemen of the common-wealth of England, humbly presented to the Right Honourable the Lord Generall Cromwell ... proving paying tythes under the Gospel to be against the law of God, the law of the land, the protestation, covenant, and ingagement of the army ..." 300 $aReproduction of original in the Trinity College Library, Cambridge University. 330 $aeebo-0120 606 $aTithes$zGreat Britain 607 $aGreat Britain$xHistory$yCommonwealth and Protectorate, 1649-1660 615 0$aTithes 700 $aBarber$b Edward$fd. 1674?$01010042 801 0$bEEU 801 1$bEEU 801 2$bWaOLN 906 $aBOOK 912 $a996396704503316 996 $aThe storming and totall routing of tythes$92334645 997 $aUNISA